000 00305nam a2200097Ia 4500
008 230206s9999 xx 000 0 und d
041 _aeng
100 _aT. S. Ravisankar, Ed.
_9119211
245 _aPrajanan : Journal of Social Management Sciences
260 _c1997
_bNational Institute of Bank Management
_aPune
999 _c97660
_d97660